|
|
|
|
| LEADER |
00000nab a2200000 a 4500 |
| 001 |
vtls000463795 |
| 003 |
SK-MaSNL |
| 005 |
20260318124514.0 |
| 008 |
160202c1991 xo 0 hun |
| 015 |
|
|
|a SNBRB19rr/mm-uuuuu
|
| 035 |
|
|
|a CL0463928
|
| 040 |
|
|
|a SNKBUCL
|b slo
|c SNKBUCL
|e AACR2
|
| 041 |
0 |
|
|a hun
|
| 044 |
|
|
|a xo
|c SK
|
| 080 |
|
|
|a 82:929:894.511=945.11
|2 1981
|
| 080 |
|
|
|a 929
|2 1981
|
| 080 |
|
|
|a 894.511=945.11
|2 1981
|
| 080 |
|
|
|a 894.511
|2 1981
|
| 080 |
|
|
|a 929 Juhász, Gyula
|2 1981
|
| 100 |
1 |
|
|a Péter, László
|4 aut
|9 289542
|
| 245 |
1 |
0 |
|a Juhász Gyula Szakolcán
|c László Péter ; Gyula Juhász
|
| 600 |
1 |
7 |
|a Juhász, Gyula,
|d 1883-1937
|2 snkbucl
|9 103328
|
| 650 |
0 |
7 |
|a literárna tvorba
|2 SNKPH
|9 4226
|
| 651 |
|
7 |
|a Skalica (Slovensko)
|2 SNKPH
|9 25101
|
| 655 |
|
7 |
|a články z novín a časopisov
|2 snkbucl
|9 267496
|
| 655 |
|
7 |
|a články z odboru literárna veda a krásna literatúra
|2 snkbucl
|9 770045
|
| 773 |
0 |
|
|t Irodalmi szemle
|g Roč. 34, č. 8 (1991), s. 885-896
|
| 850 |
|
|
|a Slovenská národná knižnica v Martine
|a MTA001
|
| 852 |
|
|
|a SNK
|b KIS3GCP
|
| 958 |
|
|
|a RK
|
| 958 |
|
|
|a HU
|
| 958 |
|
|
|a LX
|
| 992 |
|
|
|a RBX
|
| 999 |
|
|
|c 2213713
|d 2215643
|